LEADER 02324oam 2200649M 450 001 9910716526203321 005 20210615052946.0 035 $a(CKB)5470000002522896 035 $a(OCoLC)1065673463 035 $a(OCoLC)995470000002522896 035 $a(EXLCZ)995470000002522896 100 $a20071213d1926 ua 0 101 0 $aeng 135 $aurcn||||||||| 181 $ctxt$2rdacontent 182 $cc$2rdamedia 183 $acr$2rdacarrier 200 10$aFrench spoliations. April 19 (calendar day, April 21), 1926. -- Ordered to be printed 210 1$a[Washington, D.C.] :$c[U.S. Government Printing Office],$d1926. 215 $a1 online resource (13 pages) 225 1 $aSenate report / 69th Congress, 1st session. Senate ;$vno. 643, pt. 1 & 2 225 1 $a[United States congressional serial set] ;$v[serial no. 8528] 300 $aPublication contains discontinuous pagination. 300 $aPart 2 is dated June 3, 1926. 300 $aPart 2, Minority report, follows p. 9. 300 $aBatch processed record: Metadata reviewed, not verified. Some fields updated by batch processes. 300 $aFDLP item number not assigned. 517 $aFrench spoliations. April 19 606 $aGovernment liability (International law) 606 $aClaims 606 $aJudgments 606 $aLegislative amendments 606 $aMarine insurance 606 $aMerchant ships 606 $aSeizure of vessels and cargoes 606 $aNaval battles$zUnited States 606 $aNaval battles$zFrance 608 $aLegislative materials.$2lcgft 615 0$aGovernment liability (International law) 615 0$aClaims. 615 0$aJudgments. 615 0$aLegislative amendments. 615 0$aMarine insurance. 615 0$aMerchant ships. 615 0$aSeizure of vessels and cargoes. 615 0$aNaval battles 615 0$aNaval battles 701 $aGoff$b Guy Despard$f1867-1933$pRepublican (WV)$01386835 701 $aHowell$b Robert Beecher$f1864-1933$pRepublican (NE)$01388445 801 0$bWYU 801 1$bWYU 801 2$bOCLCO 801 2$bOCLCQ 906 $aBOOK 912 $a9910716526203321 996 $aFrench spoliations. April 19 (calendar day, April 21), 1926. -- Ordered to be printed$93529984 997 $aUNINA LEADER 03839nam 22006615 450 001 9910964058803321 005 20251116192831.0 010 $a9780300203868 010 $a0300203861 024 7 $a10.12987/9780300203868 035 $a(CKB)2550000001128177 035 $a(CaPaEBR)ebrary10777593 035 $a(SSID)ssj0001003329 035 $a(PQKBManifestationID)11636199 035 $a(PQKBTitleCode)TC0001003329 035 $a(PQKBWorkID)11036973 035 $a(PQKB)11481848 035 $a(MiAaPQ)EBC3421309 035 $a(DE-B1597)486315 035 $a(OCoLC)860711593 035 $a(DE-B1597)9780300203868 035 $a(Perlego)1088927 035 $z(OCoLC)860711593 035 $a(EXLCZ)992550000001128177 100 $a20200424h20132013 fg 101 0 $aeng 135 $aurcnu|||||||| 181 $ctxt 182 $cc 183 $acr 200 10$aCivil disobedience $ean American tradition /$fLewis Perry 210 1$aNew Haven, CT :$cYale University Press,$d[2013] 210 4$dİ2013 215 $a1 online resource (424 p.) 300 $aBibliographic Level Mode of Issuance: Monograph 311 08$a9780300124590 311 08$a0300124597 311 08$a9781299975606 311 08$a1299975607 320 $aIncludes bibliographical references and index. 327 $tFrontmatter --$tContents --$tPreface --$tAcknowledgments --$t1. The Drama of Civil Disobedience --$t2. A Heritage of Civilly Disobedient Acts --$t3. Slavery and Disobedience --$t4. Conflicts of Law in the Age of Reform --$t5. "Wild, Unaccountable Things" --$t6. Beyond Submissiveness --$t7. Adapting a Philosophy of Nonviolence --$t8. The Civil Rights Revolution --$t9. The Sixties and the Great Tradition of Social Protest --$t10. The Day of the Demonstrations Isn't Over --$tNotes --$tIndex 330 $aThe distinctive American tradition of civil disobedience stretches back to pre-Revolutionary War days and has served the purposes of determined protesters ever since. This stimulating book examines the causes that have inspired civil disobedience, the justifications used to defend it, disagreements among its practitioners, and the controversies it has aroused at every turn. Tracing the origins of the notion of civil disobedience to eighteenth-century evangelicalism and republicanism, Lewis Perry discusses how the tradition took shape in the actions of black and white abolitionists and antiwar protesters in the decades leading to the Civil War, then found new expression in post-Civil War campaigns for women's equality, temperance, and labor reform. Gaining new strength and clarity from explorations of Thoreau's essays and Gandhi's teachings, the tradition persisted through World War II, grew stronger during the decades of civil rights protest and antiwar struggles, and has been adopted more recently by anti-abortion groups, advocates of same-sex marriage, opponents of nuclear power, and many others. Perry clarifies some of the central implications of civil disobedience that have become blurred in recent times-nonviolence, respect for law, commitment to democratic processes-and throughout the book highlights the dilemmas faced by those who choose to violate laws in the name of a higher morality. 606 $aCivil disobedience 606 $aGovernment, Resistance to 606 $aCivil rights 606 $aCivil rights demonstrations 615 0$aCivil disobedience. 615 0$aGovernment, Resistance to. 615 0$aCivil rights. 615 0$aCivil rights demonstrations. 676 $a303.6/10973 700 $aPerry$b Lewis$f1938-2022,$4aut$4http://id.loc.gov/vocabulary/relators/aut$01132373 801 0$bDE-B1597 801 1$bDE-B1597 906 $aBOOK 912 $a9910964058803321 996 $aCivil disobedience$94367534 997 $aUNINA